Gminy w powiecie toruńskim. - Statystyki

Ogólne statystyki
  • Ten quiz został rozwiązany 123 razy
  • Średni wynik to 6 z 9
Statystyki odpowiedzi
Odpowiedź % Poprawnych
4. Lubicz
93%
1. Chełmża
72%
9. Chełmża
72%
8. Zławieś Wielka
64%
5. Łysomice
63%
6. Obrowo
60%
7. Wielka Nieszawka
60%
3. Łubianka
56%
2. Czernikowo
53%
Nie znaleziono quizów pasujących do podanych kryteriów
Rozkład punktacji
Procent ludzi z każdym wynikiem
Percentyl według liczby udzielonych odpowiedzi
Twoja historia wyników
Nie rozwiązałeś tego quizu